| 000 | 00925na a2200277 4500 | ||
|---|---|---|---|
| 001 | 13392 | ||
| 003 | MIRAKIL | ||
| 005 | 20181213154906.0 | ||
| 008 | 161005b tu 000 0 | ||
| 020 | _a9756487089 | ||
| 035 | _a13392 | ||
| 040 |
_aMilas _btur _cTR-AnCHP |
||
| 082 |
_a305.42 _bB56 2006 |
||
| 090 | _a305.42 B56 2006 | ||
| 245 |
_aBir de burdan bak _bCinsiyet eşitsizliği bir "kadın sorunu" değil, toplumun sorunudur _cSerpil Sancar...[ve öte.] |
||
| 246 | _aCinsiyet eşitsizliği bir "kadın sorunu" değil, toplumun sorunudur | ||
| 260 |
_aAnkara _bKa-Der _c2006 |
||
| 300 |
_a77 s. _btbl. _c21 sm. |
||
| 490 |
_aYarın İçin Bugünden Eğitim Kampanyası Eğitim dizisi _v4 |
||
| 504 | _aKaynakça var. | ||
| 650 |
_aCinsiyet (Sosyoloji) _xSosyal gruplar _yKadınlar |
||
| 650 |
_aKadınlar _xCinsiyet eşitsizliği |
||
| 657 | _akadın sorunu | ||
| 700 | _aSancar, Serpil | ||
| 942 |
_2ddc _cBKS |
||
| 999 |
_c2695 _d2695 |
||